[Event "EST-chT 20th"]
[Site "Tallinn "]
[Date "2005.03.17"]
[Round "1"]
[White "Zhidkov, Valery S"]
[Black "Karjakin, Sergei"]
[Result "1-0"]
[WhiteElo "2427"]
[BlackElo "2182"]
[PlyCount "109"]
[EventDate "2005.03.17"]
[EventType "team-tourn"]
[EventRounds "7"]
[EventCountry "EST"]
[SourceTitle "EXT 2016"]
[Source "ChessBase"]
[SourceDate "2015.10.08"]
[SourceVersion "1"]
[SourceVersionDate "2015.10.08"]
[SourceQuality "1"]

1. d4 Nf6 2. Nf3 g6 3. c4 Bg7 4. g3 O-O 5. Bg2 d6 6. O-O Nbd7 7. Qc2 e5 8. Rd1
Qe7 9. Nc3 c6 10. e4 exd4 11. Nxd4 a5 12. h3 Nc5 13. Be3 Re8 14. Re1 a4 15.
Rad1 Nfd7 16. f4 h5 17. Bf2 Nf8 18. b4 axb3 19. axb3 h4 20. gxh4 Nfe6 21. Nde2
Bh6 22. b4 Nd7 23. Bg3 Ng7 24. Rf1 Nh5 25. Be1 Nb6 26. Nb1 Be6 27. Nd2 Ra3 28.
Bf2 Bxh3 29. Nb1 Bxg2 30. Kxg2 Rea8 31. Nxa3 Rxa3 32. Ra1 Rxa1 33. Rxa1 Qe6 34.
f5 Qf6 35. Qc3 Qxc3 36. Nxc3 Nxc4 37. Ra8+ Kh7 38. Ra7 Nf4+ 39. Kh1 Bg7 40. Nd1
Be5 41. Rxb7 Kg7 42. Rc7 Nd2 43. Rxc6 Nxe4 44. fxg6 Kxg6 45. b5 Kh5 46. b6 d5
47. b7 Nd3 48. Bd4 Bf4 49. Nc3 Ne1 50. Nxd5 Ng3+ 51. Kh2 Bb8 52. Nf6+ Kxh4 53.
Bf2 Nf3+ 54. Kg2 Nd2 55. Rc5 1-0

[Event "EST-chT 20th"]
[Site "Tallinn "]
[Date "2005.03.18"]
[Round "2"]
[White "Karjakin, Sergei"]
[Black "Danilov, Nikolai"]
[Result "0-1"]
[WhiteElo "2182"]
[BlackElo "2209"]
[PlyCount "82"]
[EventDate "2005.03.17"]
[EventType "team-tourn"]
[EventRounds "7"]
[EventCountry "EST"]
[SourceTitle "EXT 2016"]
[Source "ChessBase"]
[SourceDate "2015.10.08"]
[SourceVersion "1"]
[SourceVersionDate "2015.10.08"]
[SourceQuality "1"]

1. e4 c6 2. d4 d5 3. Nd2 dxe4 4. Nxe4 Nf6 5. Nxf6+ exf6 6. c3 Bd6 7. Bd3 O-O 8.
Ne2 Qc7 9. Qc2 h6 10. Bd2 b5 11. O-O-O Be6 12. Ng3 Bxa2 13. Nh5 Rd8 14. Bxh6
gxh6 15. Qd2 Bf8 16. Qe2 f5 17. g4 Qe7 18. Qd2 fxg4 19. Rhg1 Be6 20. f4 Qh4 21.
Ng3 Nd7 22. h3 b4 23. c4 Nf6 24. Bf5 Bxf5 25. Nxf5 Qxh3 26. Rh1 Qb3 27. Nxh6+
Bxh6 28. Rxh6 Qxc4+ 29. Kb1 Qe6 30. Qh2 Qf5+ 31. Kc1 Kg7 32. Rh1 b3 33. Rxf6
Qxf6 34. Qh7+ Kf8 35. f5 Ke7 36. Qh2 Kd7 37. Qf4 Rg8 38. Kb1 g3 39. d5 g2 40.
dxc6+ Qxc6 41. Rd1+ Kc8 0-1

[Event "EST-chT 20th"]
[Site "Tallinn "]
[Date "2005.03.18"]
[Round "3"]
[White "Kulaots, Kaido"]
[Black "Karjakin, Sergei"]
[Result "1-0"]
[WhiteElo "2572"]
[BlackElo "2182"]
[PlyCount "45"]
[EventDate "2005.03.17"]
[EventType "team-tourn"]
[EventRounds "7"]
[EventCountry "EST"]
[SourceTitle "EXT 2016"]
[Source "ChessBase"]
[SourceDate "2015.10.08"]
[SourceVersion "1"]
[SourceVersionDate "2015.10.08"]
[SourceQuality "1"]

1. e4 e5 2. Nf3 Nc6 3. Bb5 Nd4 4. Nxd4 exd4 5. O-O Bc5 6. d3 c6 7. Ba4 d6 8.
Nd2 Ne7 9. Bb3 O-O 10. f4 a5 11. a4 d5 12. f5 f6 13. Rf3 Kh8 14. Rh3 g6 15. Kh1
Rg8 16. g4 Rg7 17. Nf3 gxf5 18. gxf5 Qc7 19. Bh6 Rg8 20. Rh4 Bd7 21. Qf1 Qd8
22. Qh3 Qe8 23. Bg5 1-0

[Event "EST-chT 20th"]
[Site "Tallinn "]
[Date "2005.03.19"]
[Round "4"]
[White "Karjakin, Sergei"]
[Black "Zjukin, Sergei"]
[Result "1/2-1/2"]
[WhiteElo "2182"]
[BlackElo "2373"]
[PlyCount "46"]
[EventDate "2005.03.17"]
[EventType "team-tourn"]
[EventRounds "7"]
[EventCountry "EST"]
[SourceTitle "EXT 2016"]
[Source "ChessBase"]
[SourceDate "2015.10.08"]
[SourceVersion "1"]
[SourceVersionDate "2015.10.08"]
[SourceQuality "1"]

1. e4 e5 2. Nf3 Nc6 3. Bb5 a6 4. Ba4 Nf6 5. O-O Be7 6. Re1 b5 7. Bb3 d6 8. c3
O-O 9. h3 Bb7 10. d4 Re8 11. Nbd2 Bf8 12. d5 Nb8 13. Nf1 Nbd7 14. N3h2 Nc5 15.
Bc2 c6 16. dxc6 Bxc6 17. Bg5 h6 18. Bxf6 Qxf6 19. Ng4 Qd8 20. b4 Nd7 21. Bb3
Nb6 22. Qd3 Qc7 23. Rad1 a5 1/2-1/2

[Event "EST-chT 20th"]
[Site "Tallinn "]
[Date "2005.03.20"]
[Round "5"]
[White "Vooremaa, Andres M"]
[Black "Karjakin, Sergei"]
[Result "0-1"]
[WhiteElo "2255"]
[BlackElo "2182"]
[PlyCount "78"]
[EventDate "2005.03.17"]
[EventType "team-tourn"]
[EventRounds "7"]
[EventCountry "EST"]
[SourceTitle "EXT 2016"]
[Source "ChessBase"]
[SourceDate "2015.10.08"]
[SourceVersion "1"]
[SourceVersionDate "2015.10.08"]
[SourceQuality "1"]

1. d4 Nf6 2. c4 g6 3. Nc3 Bg7 4. e4 d6 5. f3 O-O 6. Be3 e5 7. Nge2 c6 8. d5
cxd5 9. cxd5 Nbd7 10. Qd2 a6 11. a4 Nh5 12. g4 Nf4 13. Nxf4 exf4 14. Bxf4 Ne5
15. Be2 Bd7 16. O-O f5 17. gxf5 gxf5 18. Kh1 Qh4 19. Bg3 Qh3 20. f4 Ng4 21. Bf3
Rf6 22. e5 Rh6 23. Kg1 dxe5 24. Bxg4 Qxg4 25. fxe5 Rg6 26. Kh1 Re8 27. Rae1 Qh3
28. Qf2 f4 29. Bxf4 Rf8 30. Rg1 Bg4 31. Rg3 Qh5 32. Qd2 Bf3+ 33. Kg1 Rxg3+ 34.
Bxg3 Bh6 35. Qc2 Bf4 36. Ne2 Be3+ 37. Bf2 Qh3 38. Nf4 Rxf4 39. Qc8+ Qxc8 0-1

[Event "EST-chT 20th"]
[Site "Tallinn "]
[Date "2005.03.21"]
[Round "6"]
[White "Liiva, Riho"]
[Black "Karjakin, Sergei"]
[Result "1-0"]
[WhiteElo "2401"]
[BlackElo "2182"]
[PlyCount "63"]
[EventDate "2005.03.17"]
[EventType "team-tourn"]
[EventRounds "7"]
[EventCountry "EST"]
[SourceTitle "EXT 2016"]
[Source "ChessBase"]
[SourceDate "2015.10.08"]
[SourceVersion "1"]
[SourceVersionDate "2015.10.08"]
[SourceQuality "1"]

1. e4 c5 2. Nf3 d6 3. d4 cxd4 4. Nxd4 Nf6 5. f3 e5 6. Bb5+ Nbd7 7. Nf5 d5 8.
exd5 a6 9. Ba4 b5 10. Bb3 Nc5 11. Ne3 Nxb3 12. axb3 Bc5 13. c4 Nh5 14. O-O f5
15. f4 Nxf4 16. Kh1 O-O 17. Nc2 b4 18. Bxf4 exf4 19. Rxf4 Bd6 20. Rf3 Qh4 21.
Rh3 Qg4 22. Nd2 Qxd1+ 23. Rxd1 f4 24. Rf3 Bg4 25. Ne4 Be5 26. Nxb4 Bxb2 27. Nc6
Rae8 28. h3 Bh5 29. Nc5 Bxf3 30. gxf3 Re2 31. d6 Bf6 32. Nd7 1-0

[Event "EST-chT 20th"]
[Site "Tallinn "]
[Date "2005.03.21"]
[Round "7"]
[White "Karjakin, Sergei"]
[Black "Narva, Jaan"]
[Result "1-0"]
[WhiteElo "2182"]
[BlackElo "2293"]
[PlyCount "37"]
[EventDate "2005.03.17"]
[EventType "team-tourn"]
[EventRounds "7"]
[EventCountry "EST"]
[SourceTitle "EXT 2016"]
[Source "ChessBase"]
[SourceDate "2015.10.08"]
[SourceVersion "1"]
[SourceVersionDate "2015.10.08"]
[SourceQuality "1"]

1. e4 c5 2. Nf3 e6 3. d4 cxd4 4. Nxd4 a6 5. Be2 Nf6 6. Nc3 Qc7 7. O-O b5 8. f4
b4 9. Na4 Nxe4 10. f5 Bd6 11. Bf3 Bb7 12. Bxe4 Bxe4 13. Qg4 Bxh2+ 14. Kh1 d5
15. fxe6 Bg6 16. exf7+ Bxf7 17. Rxf7 Kxf7 18. Qe6+ Kf8 19. Bg5 1-0

[Event "World Youth Stars 3rd"]
[Site "Kirishi"]
[Date "2005.05.17"]
[Round "4"]
[White "Lintchevski, Daniil"]
[Black "Karjakin, Sergey"]
[Result "0-1"]
[WhiteElo "2269"]
[BlackElo "2635"]
[Annotator "Gofshtein,L"]
[PlyCount "90"]
[EventDate "2005.05.14"]
[EventType "tourn"]
[EventRounds "11"]
[EventCountry "RUS"]
[EventCategory "10"]
[SourceTitle "CBM 107"]
[Source "ChessBase"]
[SourceDate "2005.08.01"]
[SourceVersion "1"]
[SourceVersionDate "2005.08.01"]
[SourceQuality "1"]

1. e4 c5 2. Nf3 d6 3. d4 cxd4 4. Nxd4 Nf6 5. Nc3 a6 6. Bg5 Nbd7 {A rare move.
6...e6 is the main line.} 7. f4 {7.Bc4 deserves attention.} (7. Bc4 $5 Qa5 (
7... h6 $6 8. Bxf6 Nxf6 9. Qe2 $1 e6 10. O-O-O Qc7 11. f4 e5 (11... Be7 12. e5
dxe5 13. fxe5 Nh7 14. Rhf1 $36 {1/2-1/2 Deviatkin,A-Kempinski,R/Moscow 2004/
EXT 2005 (34)}) 12. Nd5 $16 {Tal}) (7... e6) 8. Qd2 h6 $6 (8... e6) 9. Bxf6
Nxf6 10. O-O-O e6 11. Rhe1 Be7 $2 (11... Bd7 $1) 12. f4 O-O 13. Bb3 {1-0
Spassky,B-Petrosian,T/Moscow 1969/MainBase/[Bulletin] (24)}) 7... b5 8. Bd3 Bb7
9. Qf3 (9. Qe2 e5 $5 (9... b4 10. Nd1 Qb6 11. Nf3 h6 12. Bh4 e5 $132) 10. Nd5
$2 (10. Nf5 h6) 10... exd4 11. e5 Nxd5 12. Bxd8 Nxf4 13. Qf2 Nxg2+ 14. Kd2 Rxd8
$19 {1-0 Quinteros,M-Browne,W/Las Palmas 1974/MCD (47)}) 9... e6 {Black has
recieved a position which is similar to the Najdorf variation but with an
extra tempo, without playing Qc7 which is of course in his favour.} (9... b4
10. Na4 h6 11. Bxf6 Nxf6 12. O-O-O e6 $13 {1-0 Flores Escuin,S-Blas Rincon,D/
Palencia 1999/CBM 071 ext (23)}) (9... Qb6 10. Bxf6 gxf6 11. Nf5 e6 12. Ng3 b4
$132 {0-1 Pratibha,Y-Sergeeva,M/Calicut 2003/CBM 095 ext (72)}) 10. O-O-O Be7
11. g4 h6 {Again a typical plan but in a favourable reduction.} 12. Bh4 g5 13.
fxg5 (13. Bf2 gxf4 $17) 13... hxg5 14. Bxg5 (14. Bg3 b4 15. Nce2 Nc5 $17) 14...
Ne5 15. Qe2 Nfxg4 16. Bxe7 (16. Bf4 b4 17. Nb1 Nxd3+ 18. Rxd3 Nf6 $19) 16...
Qxe7 $132 {Black has solved his opening problems and has a good counterplay.}
17. Rdg1 (17. h3 Nf6 $132) 17... Nf6 18. Nf3 (18. a3 $5 Rc8 (18... O-O-O 19. h4
) 19. h4) 18... Nfd7 19. Nxe5 Nxe5 20. Qf2 O-O-O {On the queenside the king is
safe.} 21. h4 {White starts to push his passed pawn, one of his main aces.} Qc7
$5 {[%cal Rc7c5,Rb5b4] Black brings his queen to a more active position} 22.
Kb1 $6 {White removes the king off the centre. 22...b4 was already a threat.} (
22. a3 $5) 22... Qc5 $1 {Black offers an exchange of queens. After the
exchange the black knight would totally dominate.} 23. Qf6 (23. Rf1 Qxf2 24.
Rxf2 b4 25. Nd1 f5 $17) 23... Qe3 $5 24. Nd1 Qf3 $17 {White is forced to
exchange queens and black firmly takes over the initiative.} 25. Qxf3 Nxf3 26.
Rg7 (26. Rg4 f5 27. exf5 Ne5 $19) 26... f5 27. h5 {27.e7 was more stubborn, in
this case Black has a big advantage.} (27. exf5 Nd2+ 28. Kc1 Bxh1 29. Kxd2 Rd7
30. Rg4 Bf3 31. Rf4 Bd5 32. Nc3 e5 33. Rg4 Bf3 34. Rg3 Bb7 35. Rg4 d5 $17)
27... fxe4 28. Be2 e3 29. Kc1 {White remains a pawn down. 29.Rb7 is hardly
better. In this case Black has a clear advantage.} (29. Rxb7 Nd2+ 30. Kc1 Kxb7
31. Nxe3 Ne4 32. Bf3 d5 $17) 29... Nd4 30. Re1 Nxe2+ 31. Rxe2 Rxh5 32. Rxe3 (
32. Nxe3 Rd7 33. Rg6 Re7) 32... e5 33. Rc3+ Kb8 34. Rcc7 {In spite of the
activation of his rooks White cannot make any real threats to the black king.}
Bf3 35. Kd2 (35. Rcf7 Bd5 36. Re7 Rh1 37. Kd2 Rh2+ 38. Kc1 Rf8 $36) 35... Rg8
$5 {Trying to exchange one of White's active rooks and to neutralize White's
activity.} 36. Ne3 (36. Nf2 Rh2 37. Ke3 Bd5) 36... Rxg7 37. Rxg7 d5 38. c3 Rh2+
39. Kc1 d4 $18 {An extra pawn and a more active position of pieces allow Black
a decisive advantage.} 40. cxd4 exd4 41. Rg8+ Kc7 42. Rg7+ Kb6 43. Nf5 d3 {
White is helpless against the threat d3-d2.} 44. Rg6+ Kc5 45. Rd6 (45. Rd6 d2+
46. Rxd2 Rh1+) 45... d2+ 0-1

[Event "EU-ch 6th playoff"]
[Site "Warsaw"]
[Date "2005.07.02"]
[Round "2.2"]
[White "Karjakin, Sergey"]
[Black "Eljanov, Pavel"]
[Result "1-0"]
[WhiteElo "2635"]
[BlackElo "2641"]
[Annotator "Rogozenco,D"]
[PlyCount "101"]
[EventDate "2005.07.02"]
[EventType "k.o. (rapid)"]
[EventRounds "3"]
[EventCountry "POL"]
[SourceTitle "CBM 108"]
[Source "ChessBase"]
[SourceDate "2005.09.26"]
[SourceVersion "1"]
[SourceVersionDate "2005.09.26"]
[SourceQuality "1"]

1. e4 c5 2. Nf3 Nc6 3. d4 cxd4 4. Nxd4 Nf6 5. Nc3 e5 6. Ndb5 d6 7. Bg5 a6 8.
Na3 b5 9. Nd5 Be7 10. Bxf6 Bxf6 11. c3 O-O 12. Nc2 Rb8 13. h4 Be7 14. Nce3 Be6
15. Qf3 Qd7 16. Rd1 Bd8 17. Bd3 Ne7 18. Bc2 b4 $1 $146 (18... a5 19. h5 Bxd5
20. Nxd5 Nxd5 21. Rxd5 $14 {1/2-1/2 Stefan,B (2155)-Jianu,V (2300)/CN jun.
-Boys18 2001 (26)}) (18... Bxd5 19. Nxd5 Nxd5 20. Rxd5 b4 21. Qd3 $1 bxc3 22.
bxc3 Rb6 23. Bb3 a5 24. g3 Qc7 25. O-O $14 {1-0 Karjakin,S (2635)-Moiseenko,A 
(2665)/Warsaw 2005 (72)}) 19. Nxb4 (19. cxb4 Bxd5 (19... Bb6 $44) 20. Nxd5 Nxd5
21. Rxd5 Rxb4 22. Bb3 (22. Qd3 Rxb2 23. Bb3 Qc6 24. O-O Bxh4 25. g3 (25. Rxd6
$2 Bxf2+ 26. Rxf2 $2 Qc5 $19) 25... Be7 $11) (22. b3 Bb6 $11) 22... a5 $11)
19... a5 20. Nd3 Qc6 21. Bb1 (21. h5 f5 22. Qh3 Bb6 $44) (21. O-O Bxa2) 21...
f5 22. exf5 e4 23. Qg4 Nxf5 24. Nf4 Bc8 (24... Rxb2 $1 25. O-O (25. Nxe6 Qxc3+
26. Kf1 Nxe3+ $19) 25... Bc8 $17 26. Nxf5 Bxf5 27. Qg3 d5 $17) 25. Nxf5 Bxf5 (
25... Rxf5 26. Rd2 (26. O-O Rxb2 $17) 26... Rxb2 27. Rxb2 Qxc3+ 28. Rd2 Rxf4 $1
29. Qxf4 Qc1+ 30. Ke2 Ba6+ 31. Ke3 Bb6+ 32. Kxe4 Qxh1 {and Black obviously has
a very strong attack, which secures him big advantage.}) 26. Qe2 Rb5 27. c4 Re5
28. Nd5 Qc5 29. Ne3 Bg6 ({Black had to prevent Qd2 with} 29... a4 {[%cal Gd8a5]
He has sufficient compensation for the pawn:} 30. O-O Be6 {[%csl Rh4]} (30...
Bxh4 $2 31. g3 Bd8 32. Nxf5 Rexf5 33. Bxe4 $16) 31. h5 Bg5 $44 {[%csl Rc4]} 32.
b3 $2 Rxf2 $1 33. Rxf2 (33. Kxf2 Bg4 $1 34. Qxg4 Qxe3#) 33... Bxe3 $36) 30. Qd2
a4 31. O-O Bxh4 32. Qxd6 $16 Be7 33. Qxc5 Bxc5 34. Bc2 Be8 35. Rd5 Rxd5 36.
cxd5 a3 37. bxa3 Bd7 38. Bxe4 $18 Ra8 39. Rc1 Bd6 40. Nc4 Rc8 41. Rc2 Bf8 42.
d6 Be6 43. Bd3 Rc5 44. a4 Rd5 45. Rd2 g6 46. a5 Bxd6 47. Nxd6 Rxd6 48. a6 Rd7
49. Bc4 Rxd2 50. Bxe6+ Kg7 51. a7 1-0

[Event "Sanjin Hotel Cup 2nd"]
[Site "Tiayuan"]
[Date "2005.07.14"]
[Round "6"]
[White "Karjakin, Sergey"]
[Black "Zhang, Pengxiang"]
[Result "1-0"]
[WhiteElo "2645"]
[BlackElo "2616"]
[Annotator "Ribli,Z"]
[PlyCount "51"]
[EventDate "2005.07.09"]
[EventType "tourn"]
[EventRounds "11"]
[EventCountry "CHN"]
[EventCategory "15"]
[SourceTitle "CBM 108"]
[Source "ChessBase"]
[SourceDate "2005.09.26"]
[SourceVersion "1"]
[SourceVersionDate "2005.09.26"]
[SourceQuality "1"]

1. e4 c5 2. Nf3 e6 3. d4 cxd4 4. Nxd4 Nc6 5. Nc3 Qc7 6. Be3 a6 7. Qd2 Nf6 8.
O-O-O Bb4 9. f3 Ne7 {Früher spielte man 9...Ne5 (die eigentliche Hauptvariante)
, später 9...Na5 (Anands Fortsetzung).} (9... Ne5) 10. Nde2 b5 (10... d5 $5)
11. Qe1 $5 {[%cal Ge1f2,Gf2g3][%mdl 4] Ein bekanntes Motiv in der Variante 9...
Ne5 10.Nb3 b5 11.Qe1. Nach dem Textzug droht Weiß mit 12.Nxb5. Die andere Idee
des Damenzuges ist die Option nach f2 oder g3 zu ziehen.} (11. g4 h6 12. h4 (
12. a3 Ba5 13. b4 Bb6 14. Bxb6 Qxb6 15. Nd4 Bb7 16. h4 Nc6 17. Nb3 Ne5 18. Be2
O-O-O 19. g5 Nh5 20. f4 Nc4 21. Bxc4 bxc4 22. Na5 {1-0 L'Ami,E-Van der Elburg,
F/Amsterdam 2005/(32)}) 12... Ba5 13. a3 b4 14. axb4 Bxb4 15. Bh3 Qa5 16. Kb1
d6 17. Nc1 Rb8 {0-1 Naiditsch,A-Nisipeanu,L/Warsaw 2005/CBM 108(41)}) (11. Kb1
Ba5 12. Qd4 Nc6 13. Qc5 Bb4 14. Qg5 O-O 15. Qg3 {1/2-1/2 Topalov,V-Polgar,J/
Sofia 2005/CBM 107 (68)}) 11... Ba5 {[%cal Gb5b4] Die schwarze Drohung ist 12..
.b4 und 13...b3.} (11... d5 12. Nxb5 Qa5 (12... axb5 13. Qxb4 Rxa2 14. Kb1 (14.
Nc3) 14... Nc6 15. Qxb5 Ra8 16. Nd4 $16) 13. Nc7+ (13. Nbc3 dxe4 $13) 13... Kd7
14. Qxb4 Qxb4 15. Nxa8 $14 {[%cal Ga8b6,Gb6d7] Weiß hat Turm, Läufer und einen
Bauern gegen Dame und Initiative.}) 12. Qf2 {[%cal Gf2a7] Weiß geht aus der
Fesselung des schwarzen Läufers und kontrolliert nun die Diagonale g1-a7.} d5 {
Schwarz strebt nach aktivem Spiel im Zentrum, jedoch verdient die Alternative
12...Rb8!? ebenfalls Aufmerksamkeit.} (12... Rb8 $5 {[%cal Ga5b6,Gb6f2] Dieser
Zug kommt stark in Betracht, denn Schwarz könnte die weiße Batterie Qf2-Be3
neutralisieren.} 13. Bc5 (13. g4 b4 14. Na4 d5 $5 (14... b3)) 13... Bb6 14.
Bxb6 Rxb6) 13. Bc5 {[%csl Gc5] Die weiße Drohung ist 14.b4 mit Läuferfang.} (
13. exd5 Nexd5 $15) 13... b4 (13... dxe4 $4 14. b4 $18) 14. Na4 Rb8 (14... dxe4
$5) 15. Nd4 {[%cal Gd4b3,Gb3a5]} dxe4 (15... Bd7 16. Bxe7 Kxe7 17. Nc5 $36) (
15... Qf4+ $1 16. Qd2 (16. Kb1 Nxe4 $17) (16. Rd2 b3 $17) 16... Qxd2+ 17. Kxd2
(17. Rxd2 b3) 17... Bd7 (17... b3+ 18. c3 bxa2 19. Bd6 $14) 18. Bd6 Rd8 19. Nc5
$13) 16. Nb3 $14 {Weiß hat einen Bauern weniger, dafür aber ausgezeichnetes
Figurenspiel. Der Ba5 steht weit vom Spielgeschehen.} Ned5 $6 (16... exf3 $2
17. Bd6 $16) (16... e3 17. Qxe3 (17. Bxe3 Nfd5) 17... Nf5 18. Qd3 $14) 17. Nxa5
Qxa5 18. Qg3 $1 $16 {[%csl Gg3][%cal Rg3b8,Rg3g7]} Rb7 (18... Qxa4 19. Qxb8 Qc6
20. Bd4 $16) 19. fxe4 Nxe4 (19... Qxa4 20. exd5 $16) 20. Qxg7 Qxa4 21. Qxh8+
Kd7 22. Bc4 $1 $18 {[%csl Rd7,Gh8][%cal Rd1d7][%mdl 128] Dieser letzte weiße
Entwicklungszug entscheidet die Partie: Er bringt eine neue Angriffsfigur ins
Spiel und opfert den c5-Läufer. Schwarz hat keine Verteidigung.} Nxc5 (22...
Qc6 23. Qe5 $18) 23. Bxd5 exd5 24. Rxd5+ Kc6 25. Qxc8+ (25. Qe5 $18) 25... Kxd5
26. Rd1+ 1-0